Investigations into the method of the social sciences, with special reference to economics = (Record no. 119033)
[ view plain ]
| 000 -LEADER | |
|---|---|
| fixed length control field | 01628cam a2200361 a 4500 |
| 001 - CONTROL NUMBER | |
| control field | 497281 |
| 003 - CONTROL NUMBER IDENTIFIER | |
| control field | ARRUPE |
| 005 - DATE AND TIME OF LATEST TRANSACTION | |
| control field | 20131203183055.0 |
| 008 - FIXED-LENGTH DATA ELEMENTS--GENERAL INFORMATION | |
| fixed length control field | 850412t19851963nyu b 000 0 eng |
| 010 ## - LIBRARY OF CONGRESS CONTROL NUMBER | |
| LC control number | 85008918 |
| 020 ## - INTERNATIONAL STANDARD BOOK NUMBER | |
| International Standard Book Number | 0814753965 (alk. paper) : |
| Terms of availability | $25.00 |
| 020 ## - INTERNATIONAL STANDARD BOOK NUMBER | |
| International Standard Book Number | 0814753973 (pbk. : alk. paper) : |
| Terms of availability | $12.00 |
| 040 ## - CATALOGING SOURCE | |
| Original cataloging agency | DLC |
| Transcribing agency | DLC |
| Modifying agency | DLC |
| 041 1# - LANGUAGE CODE | |
| Language code of text/sound track or separate title | engger |
| 050 00 - LIBRARY OF CONGRESS CALL NUMBER | |
| Classification number | HB175 |
| Item number | .M48153 1985 |
| 082 00 - DEWEY DECIMAL CLASSIFICATION NUMBER | |
| Classification number | 330/.072 |
| Edition number | 19 |
| 300 ## - PHYSICAL DESCRIPTION | |
| Dimensions | 24 cm. |
| 100 1# - MAIN ENTRY--PERSONAL NAME | |
| Personal name | Menger, Carl, |
| Dates associated with a name | 1840-1921. |
| 9 (RLIN) | 4978 |
| 240 10 - UNIFORM TITLE | |
| Uniform title | <a href="Untersuchungen über die Methode der Socialwissenschaften, und der politischen Oekonomie insbesondere.">Untersuchungen über die Methode der Socialwissenschaften, und der politischen Oekonomie insbesondere.</a> |
| Language of a work | English |
| 245 10 - TITLE STATEMENT | |
| Title | Investigations into the method of the social sciences, with special reference to economics = |
| Remainder of title | formerly published under title, Problems of economics and sociology / |
| Statement of responsibility, etc | Carl Menger ; with a new introduction by Lawrence H. White ; edited by Louis Schneider ; translated by Francis J. Nock. |
| 260 ## - PUBLICATION, DISTRIBUTION, ETC. (IMPRINT) | |
| Place of publication, distribution, etc | New York : |
| Name of publisher, distributor, etc | New York University Press, |
| Date of publication, distribution, etc | 1985, c1963. |
| 300 ## - PHYSICAL DESCRIPTION | |
| Extent | xxi, 237 p. ; |
| 490 1# - SERIES STATEMENT | |
| Series statement | The Institute for Humane Studies series in economic theory |
| 500 ## - GENERAL NOTE | |
| General note | Translation of: Untersuchungen über die Methode der Socialwissenschaften, und der politischen Oekonomie insebesondere. |
| 504 ## - BIBLIOGRAPHY, ETC. NOTE | |
| Bibliography, etc | Includes bibliographical references. |
| 650 #0 - SUBJECT ADDED ENTRY--TOPICAL TERM | |
| Topical term or geographic name as entry element | Economics. |
| 9 (RLIN) | 4979 |
| 650 #0 - SUBJECT ADDED ENTRY--TOPICAL TERM | |
| Topical term or geographic name as entry element | Economic policy. |
| 9 (RLIN) | 4980 |
| 650 #0 - SUBJECT ADDED ENTRY--TOPICAL TERM | |
| Topical term or geographic name as entry element | Social sciences. |
| 9 (RLIN) | 4981 |
| 700 1# - ADDED ENTRY--PERSONAL NAME | |
| Personal name | Schneider, Louis, |
| Dates associated with a name | 1915- |
| 9 (RLIN) | 4982 |
| 740 0# - ADDED ENTRY--UNCONTROLLED RELATED/ANALYTICAL TITLE | |
| Uncontrolled related/analytical title | Problems of economics and sociology. |
| 830 #0 - SERIES ADDED ENTRY--UNIFORM TITLE | |
| Uniform title | Studies in economic theory. |
| 9 (RLIN) | 4983 |
| 906 ## - LOCAL DATA ELEMENT F, LDF (RLIN) | |
| a | 7 |
| b | cbc |
| c | orignew |
| d | 1 |
| e | ocip |
| f | 19 |
| g | y-gencatlg |
| 942 ## - ADDED ENTRY ELEMENTS (KOHA) | |
| Source of classification or shelving scheme | Library of Congress Classification |
| Koha item type | Monograph ( Printed materials) |
| Withdrawn status | Lost status | Source of classification or shelving scheme | Damaged status | Not for loan | Home library | Current library | Shelving location | Date acquired | Total Checkouts | Full call number | Barcode | Date last seen | Price effective from | Koha item type |
|---|---|---|---|---|---|---|---|---|---|---|---|---|---|---|
| Library of Congress Classification | ARRUPE LIBRARY | ARRUPE LIBRARY | Main Collection | 03/12/2013 | HB175 .M48153 1985 | 464123706 | 03/12/2013 | 03/12/2013 | Monograph ( Printed materials) |